• 首页
  • 本馆介绍
  • 公告通知
  • 最新文献
  • 馆藏检索
  • 电子资源
  • 读者导购
  • 参考咨询
  • 我的图书馆
  • 登录
  • 详细信息显示
  • 放入我的书架
  • 预约/预借图书
  • 作者相关作品
  • 分类相关作品
  • 丛书相关作品
  • 出版社相关作品

书目信息

  • 表格格式
  • 工作单格式
  • 卡片格式
题名:
中国常见花卉图鉴
    
 
作者: ;北京林业大学园林学院花卉教研室 编
分册:  
出版信息: 郑州   河南科学技术出版社  1999
页数: 366页
开本: 29cm
丛书名:
单 册:
中图分类: S68-64
科图分类:
主题词: 花卉--中国--图谱 , 花卉
电子资源:
ISBN: 7-5349-2111-2
000 00897nam0 2200241 450
001 0199033919
005 20070806094900.53
010    @a7-5349-2111-2@b精装@dCNY120.00
100    @a20041201d1999 em y0chiy0110 ea
101 0  @achi@elat
102    @aCN@b410000
105    @aaf z 001yy
200 1  @a中国常见花卉图鉴@9zhong guo chang jian hua hui tu jian@f北京林业大学园林学院花卉教研室编
210    @a郑州@c河南科学技术出版社@d1999
215    @a366页@c图,图版(88页)@d29cm
320    @a有索引
330    @a本书介绍我国常见花卉10888种,每种花都比较详尽地描述了它的特征、特性、繁殖栽培技术及应用范围。为便于读者识别,另配彩图366幅及墨线图812幅。
606 0  @a花卉@y中国@j图谱
606 0  @a花卉
690    @aS68-64@v4
711 02 @a北京林业大学园林学院花卉教研室@9bei jing lin ye da xue yuan lin xue yuan hua hui jiao yan shi@4编
801  0 @aCN@bNLC@c20070806
905    @a10447@dS68-64@e179
    
    中国常见花卉图鉴/北京林业大学园林学院花卉教研室编.-郑州:河南科学技术出版社,1999
    366页:图,图版(88页);29cm
    
    
    ISBN 7-5349-2111-2(精装):CNY120.00
    本书介绍我国常见花卉10888种,每种花都比较详尽地描述了它的特征、特性、繁殖栽培技术及应用范围。为便于读者识别,另配彩图366幅及墨线图812幅。
●
相关链接 在E读中查询图书 在五车中查询图书 在当当中查询图书 在豆瓣中查询图书


正题名:中国常见花卉图鉴     索取号:S68-64/179         预约/预借

序号 登录号 条形码 馆藏地/架位号 状态 备注
1 0806958   208069588   第二样本阅览室/ [索取号:S68-64/179] 在馆    
2 0806959   208069597   第三借阅区/ [索取号:S68-64/179] 在馆    
3 0806960   208069604   第三借阅区/ [索取号:S68-64/179] 在馆    
唐山师范学院图书馆 欢迎您!
大连网信软件有限公司© 版权所有